Wisdom literature and poetry : (Record no. 3340)

MARC details
000 -LEADER
fixed length control field 01070pam a2200277 a 4500
001 - CONTROL NUMBER
control field 2823049
003 - CONTROL NUMBER IDENTIFIER
control field GBCCL
005 - DATE AND TIME OF LATEST TRANSACTION
control field 20241126110453.0
008 - FIXED-LENGTH DATA ELEMENTS--GENERAL INFORMATION
fixed length control field 830422r1983 tnu b 000 0 eng
010 ## -
-- 83008827
020 ## - INTERNATIONAL STANDARD BOOK NUMBER
International Standard Book Number 068719234X (pbk.)
040 ## - CATALOGING SOURCE
Original cataloging agency DLC
Transcribing agency DLC
Modifying agency DLC
050 00 -
-- BS491.2
-- .I57 1983 vol. 3
-- BS1308
082 00 - DEWEY DECIMAL CLASSIFICATION NUMBER
Classification number 223.07
Edition information 19
Item number WIS
245 00 - TITLE STATEMENT
Title Wisdom literature and poetry :
Remainder of title a commentary on Job, Psalms, Proverbs, Ecclesiastes, the Song of Solomon /
Statement of responsibility, etc. by Hugh Anderson ... [et al.] ; edited by Charles M. Laymon.
260 ## - PUBLICATION, DISTRIBUTION, ETC.
Place of publication, distribution, etc. Nashville :
Name of publisher, distributor, etc. Abingdon Press,
Date of publication, distribution, etc. 1983.
300 ## - PHYSICAL DESCRIPTION
Extent 274 p. ;
Dimensions 18 cm.
440 #0 - SERIES STATEMENT/ADDED ENTRY--TITLE
Title Interpreter's concise commentary ;
Volume/sequential designation v. 3
9 (RLIN) 6838
500 ## - GENERAL NOTE
General note "Previously published ... as part of the Interpreter's one-volume commentary on the Bible"--Verso t.p.
504 ## - BIBLIOGRAPHY, ETC. NOTE
Bibliography, etc. note Bibliography: p. 271-272.
630 00 - SUBJECT ADDED ENTRY--UNIFORM TITLE
Uniform title Bible.
Name of part/section of a work Hagiographa
General subdivision Commentaries.
9 (RLIN) 6839
700 1# - ADDED ENTRY--PERSONAL NAME
Personal name Anderson, Hugh,
Dates associated with a name 1920-
9 (RLIN) 6840
700 1# - ADDED ENTRY--PERSONAL NAME
Personal name Laymon, Charles M.
9 (RLIN) 6841
906 ## - LOCAL DATA ELEMENT F, LDF (RLIN)
a 7
b cbc
c orignew
d 1
e ocip
f 19
g y-gencatlg
942 ## - ADDED ENTRY ELEMENTS (KOHA)
Source of classification or shelving scheme Dewey Decimal Classification
Koha item type Books
Koha issues (borrowed), all copies 15
Holdings
Withdrawn status Lost status Source of classification or shelving scheme Damaged status Not for loan Home library Current Library Shelving location Date acquired Total checkouts Full call number Barcode Date last seen Date last checked out Copy number Price effective from Koha item type
    Dewey Decimal Classification     GRACE BIBLE COLLEGE GRACE BIBLE COLLEGE Biblical Studies 2017-11-24 16 223.07 WIS 003529 2025-05-01 2025-01-20 c.1 2017-11-24 Books
© Grace Bible College Library 2025